Il disagio dei cittadini senza diritti Relazioni al seminario tenutosi in occasione della Giornata mondiale contro l'omofobia Roma, 18 maggio 2010

Guardat en:
Dades bibliogràfiques
Autor corporatiu: Partito Democratico
Format: Llibre
Idioma:anglès
Publicat: Roma Partito Democratico 2010
Etiquetes: Afegir etiqueta
Sense etiquetes, Sigues el primer a etiquetar aquest registre!

MARC

LEADER 00000nam a2200000 4500
005 20240529180648.0
008 240529b |||||||| |||| 00| 0 eng d
040 |c GP 
110 |a Partito Democratico 
245 |a Il disagio dei cittadini senza diritti  |b Relazioni al seminario tenutosi in occasione della Giornata mondiale contro l'omofobia Roma, 18 maggio 2010 
260 |a Roma  |b Partito Democratico  |c 2010 
942 |2 ddc  |c BK  |n 0 
952 |0 0  |1 0  |2 ddc  |4 0  |6 323_326400000000000_PD  |7 1  |9 1319  |a RM  |b RM  |d 2024-05-29  |l 0  |o 323.3264 PD  |p 126  |r 2024-05-29 18:07:06  |w 2024-05-29  |y BK 
999 |c 1215  |d 1215